[Event "XII Sabadell Open 2019"]
[Site "Sabadell"]
[Date "2019.09.06"]
[Round "5.12"]
[White "Fernandez Aguilar, Francisco"]
[Black "Bedoya Rosales, Luis"]
[Result "1/2-1/2"]
[WhiteElo "2040"]
[BlackElo "1918"]
[Annotator "NA RC"]
[PlyCount "71"]
[EventDate "2019.09.01"]
[EventCountry "ESP"]
[SourceTitle "playchess.com"]
[Source "ChessBase"]
[SourceQuality "1"]
[TimeControl "5400+30"]

1. Nf3 {[%emt 0:07:01]} Nf6 {[%emt 0:08:17]} 2. g3 {[%emt 0:00:00]} g6 {[%emt 0:00:06]} 3. Bg2 {[%emt 0:00:00]} Bg7 {[%emt 0:00:02]} 4. O-O {[%emt 0:00:00]} O-O {[%emt 0:00:01]} 5. d4 {[%emt 0:00:00]} d6 {[%emt 0:00:02]} 6. a4 {[%emt 0:00:00]} a5 {[%emt 0:00:31]} 7. Nc3 {[%emt 0:00:00]} Na6 {[%emt 0:02:40] A49: 1 d4 Nf6 2 Nf3 g6 3 g3: Anti-King's Indian systems} (7... c6 8. e4 Qc7 9. Bf4 Nh5 10. Be3 Na6 11. Qd2 Nb4 12. Rfe1 Nf6 13. Rad1 Ng4 14. Bg5 h6 15. Bf4 e5 16. dxe5 dxe5 {1-0 (74) Ragger,M (2687)-Petrosian,T (2625) Minsk 2015}) 8. e4 {[%emt 0:00:00]} c6 {[%emt 0:01:56]} 9. Qe2 {[%emt 0:00:04]} Qc7 {[%emt 0:06:23]} 10. e5 $146 {[%emt 0:12:48]} ({Predecessor:} 10. Nd1 e5 11. c3 exd4 12. Nxd4 Re8 13. Qc2 Nc5 14. f3 d5 15. Bf4 Qb6 {0-1 (36) Aramayo Tapia,J (2149)-Arotoma Pablo,D Arequipa 2003}) 10... dxe5 {[%emt 0:00:00]} 11. dxe5 {[%emt 0:01:05]} Nd5 {[%emt 0:00:55]} 12. Nxd5 {[%emt 0:00:56]} cxd5 {[%emt 0:00:00]} 13. Bf4 {[%emt 0:01:54]} e6 {[%emt 0:00:00]} 14. Nd4 {[%emt 0:11:24]} Qb6 {[%emt 0:02:24]} 15. Nb5 {[%emt 0:12:04]} Bd7 {[%emt 0:05:12]} 16. Be3 {[%emt 0:12:12]} Bxb5 {[%emt 0:00:28]} 17. axb5 {[%emt 0:00:00]} Nc5 {[%emt 0:11:14]} 18. c4 {[%emt 0:04:29]} d4 {[%emt 0:04:02]} 19. Bxd4 {[%emt 0:01:06]} Rad8 {[%emt 0:00:02]} 20. Qe3 {[%emt 0:01:27]} Bh6 {[%emt 0:05:27]} 21. f4 {[%emt 0:03:15]} Rxd4 {[%emt 0:00:05]} 22. Qxd4 {[%emt 0:00:12]} Rd8 {[%emt 0:00:01]} 23. Qc3 $16 {[%emt 0:26:33]} a4 {[%emt 0:18:53]} 24. Kh1 {[%emt 0:00:00]} Nd3 {[%emt 0:04:40]} 25. Qc2 {[%emt 0:00:00]} Bf8 {[%emt 0:01:51]} 26. h3 {[%emt 0:00:00]} h5 {[%emt 0:04:34]} 27. h4 {[%emt 0:00:00]} Qe3 {[%emt 0:03:10]} 28. Rf3 {[%emt 0:00:00]} Ne1 {[%emt 0:01:51]} 29. Qf2 {[%emt 0:00:00]} Qxf2 {[%emt 0:00:01]} 30. Rxf2 {[%emt 0:00:00]} Nd3 {[%emt 0:00:03]} 31. Rd2 {[%emt 0:00:27]} Bb4 {[%emt 0:00:01]} 32. Re2 {[%emt 0:01:04]} Nc5 {[%emt 0:00:03]} 33. Kh2 {[%emt 0:03:09]} b6 {[%emt 0:00:14]} 34. Rf2 {[%emt 0:01:31]} Rd4 {[%emt 0:00:43]} 35. Rff1 {[%emt 0:01:07]} Rd2 {[%emt 0:01:18]} 36. Rab1 {[%emt 0:02:24]} 1/2-1/2

[Event "XII Sabadell Open 2019"]
[Site "Sabadell"]
[Date "2019.09.06"]
[Round "5.13"]
[White "Abreu Flores, Daniel"]
[Black "Borrellas Comellas, Josep"]
[Result "1/2-1/2"]
[WhiteElo "1905"]
[BlackElo "1943"]
[Annotator "NA"]
[PlyCount "51"]
[EventDate "2019.09.01"]
[EventCountry "ESP"]
[SourceTitle "playchess.com"]
[Source "ChessBase"]
[SourceQuality "1"]
[TimeControl "5400+30"]

1. e4 {[%emt 0:00:09]} e5 {[%emt 0:00:03]} 2. Nf3 {[%emt 0:00:06]} Nc6 {[%emt 0:00:06]} 3. d4 {[%emt 0:00:02]} exd4 {[%emt 0:00:08]} 4. Nxd4 {[%emt 0:00:08]} Nf6 {[%emt 0:02:08]} 5. Nxc6 {[%emt 0:00:41]} dxc6 {[%emt 0:01:25]} 6. Qxd8+ {[%emt 0:00:15]} Kxd8 {[%emt 0:00:10]} 7. f3 {[%emt 0:00:02]} Be6 {[%emt 0:01:55]} 8. Be3 {[%emt 0:02:00]} Nd7 {[%emt 0:05:28]} 9. Nd2 {[%emt 0:03:09]} Bc5 {[%emt 0:00:40]} 10. Bxc5 {[%emt 0:05:38]} Nxc5 {[%emt 0:03:42]} 11. Nb3 {[%emt 0:00:57]} Nxb3 {[%emt 0:05:56]} 12. axb3 {[%emt 0:04:03]} c5 {[%emt 0:00:13]} 13. Ra5 {[%emt 0:01:54]} b6 {[%emt 0:00:52]} 14. Ra6 {[%emt 0:00:14]} Bc8 {[%emt 0:00:28]} 15. Ra3 {[%emt 0:01:49]} a5 {[%emt 0:00:19]} 16. Bc4 {[%emt 0:01:38]} Ke7 {[%emt 0:08:06]} 17. Ke2 {[%emt 0:00:54]} Be6 {[%emt 0:01:29]} 18. c3 {[%emt 0:02:47]} Rad8 {[%emt 0:13:26]} 19. Raa1 {[%emt 0:03:21]} f6 {[%emt 0:12:57]} 20. Bxe6 {[%emt 0:09:33]} Kxe6 {[%emt 0:00:16]} 21. Rhd1 {[%emt 0:03:26]} Rhe8 {[%emt 0:08:02]} 22. Rxd8 {[%emt 0:01:55]} Rxd8 {[%emt 0:00:16]} 23. g3 {[%emt 0:03:26]} f5 {[%emt 0:01:30]} 24. exf5+ {[%emt 0:01:51]} Kxf5 {[%emt 0:00:15]} 25. Rd1 {[%emt 0:09:53]} Re8+ {[%emt 0:02:02]} 26. Kf2 {[%emt 0:01:18]} 1/2-1/2

[Event "XII Sabadell Open 2019"]
[Site "Sabadell"]
[Date "2019.09.06"]
[Round "5.14"]
[White "Alcon Davalos, Marc"]
[Black "Tortosa Moros, Joan"]
[Result "1-0"]
[WhiteElo "1459"]
[BlackElo "1647"]
[Annotator "NA"]
[PlyCount "101"]
[EventDate "2019.09.01"]
[EventCountry "ESP"]
[SourceTitle "playchess.com"]
[Source "ChessBase"]
[SourceQuality "1"]
[TimeControl "5400+30"]

1. e4 {[%emt 0:00:00]} c5 {[%emt 0:00:00]} 2. Nf3 {[%emt 0:00:03]} g6 {[%emt 0:00:00]} 3. Bc4 {[%emt 0:00:51]} Bg7 {[%emt 0:01:21]} 4. Nc3 {[%emt 0:00:27]} Nh6 {[%emt 0:03:55]} 5. d3 {[%emt 0:02:41]} O-O {[%emt 0:00:00]} 6. h3 {[%emt 0:00:29]} Kh8 {[%emt 0:00:00]} 7. g4 {[%emt 0:02:28]} Nc6 {[%emt 0:02:58]} 8. g5 {[%emt 0:02:30]} Ng8 {[%emt 0:00:00]} 9. Be3 {[%emt 0:00:17]} Nd4 {[%emt 0:00:00]} 10. Bxd4 {[%emt 0:04:39]} cxd4 {[%emt 0:01:37]} 11. Ne2 {[%emt 0:02:33]} Qa5+ {[%emt 0:01:00]} 12. Qd2 {[%emt 0:00:00]} Qxd2+ {[%emt 0:00:36]} 13. Nxd2 {[%emt 0:02:41]} Rb8 {[%emt 0:06:40]} 14. h4 {[%emt 0:00:52]} b5 {[%emt 0:00:00]} 15. Bb3 {[%emt 0:00:15]} a5 {[%emt 0:00:26]} 16. a4 {[%emt 0:01:25]} h5 {[%emt 0:02:47]} 17. axb5 {[%emt 0:08:30]} Rxb5 {[%emt 0:00:33]} 18. Nc4 {[%emt 0:00:22]} d5 {[%emt 0:06:02]} 19. exd5 {[%emt 0:03:27]} Rxd5 {[%emt 0:00:34]} 20. Rxa5 {[%emt 0:01:21]} Rxa5 {[%emt 0:01:01]} 21. Nxa5 {[%emt 0:00:10]} Bg4 {[%emt 0:00:45]} 22. Ng3 {[%emt 0:05:37]} Ra8 {[%emt 0:09:12]} 23. f3 {[%emt 0:02:11]} Rxa5 {[%emt 0:03:18]} 24. fxg4 {[%emt 0:01:39]} Be5 {[%emt 0:07:55]} 25. Kf2 {[%emt 0:00:00]} hxg4 {[%emt 0:02:13]} 26. Bxf7 {[%emt 0:00:11]} Kg7 {[%emt 0:01:47]} 27. Bb3 {[%emt 0:01:01]} Bf4 {[%emt 0:02:45]} 28. Re1 {[%emt 0:02:05]} Be3+ {[%emt 0:05:27]} 29. Kg2 {[%emt 0:00:14]} e5 {[%emt 0:02:41]} 30. Nf1 {[%emt 0:00:56]} Bf4 {[%emt 0:00:42]} 31. Nh2 {[%emt 0:03:04]} g3 {[%emt 0:04:20]} 32. Nf1 {[%emt 0:00:00]} Ne7 {[%emt 0:02:19]} 33. Nxg3 {[%emt 0:00:00]} Bxg3 {[%emt 0:00:15]} 34. Kxg3 {[%emt 0:00:00]} Nf5+ {[%emt 0:00:09]} 35. Kg4 {[%emt 0:00:00]} Ne3+ {[%emt 0:00:27]} 36. Kf3 {[%emt 0:00:00]} Ra8 {[%emt 0:01:50]} 37. Ke4 {[%emt 0:02:09]} Re8 {[%emt 0:04:09]} 38. Ra1 {[%emt 0:02:09]} Nf5 {[%emt 0:01:19]} 39. Ra7+ {[%emt 0:00:22]} Kh8 {[%emt 0:01:27]} 40. Ra5 {[%emt 0:05:53]} Nd6+ {[%emt 0:05:11]} 41. Kd5 {[%emt 0:00:00]} Nf5 {[%emt 0:00:28]} 42. Ra6 {[%emt 0:01:07]} Nxh4 {[%emt 0:01:08]} 43. Re6 {[%emt 0:04:39]} Rxe6 {[%emt 0:04:45]} 44. Kxe6 {[%emt 0:00:00]} Nf3 {[%emt 0:00:09]} 45. Kf6 {[%emt 0:00:00]} Kh7 {[%emt 0:01:11]} 46. Bf7 {[%emt 0:00:00]} Kh8 {[%emt 0:02:10]} 47. Bxg6 {[%emt 0:00:00]} Ne1 {[%emt 0:00:47]} 48. c3 {[%emt 0:00:00]} Nf3 {[%emt 0:04:53]} 49. Be4 {[%emt 0:00:00]} dxc3 {[%emt 0:01:16]} 50. bxc3 {[%emt 0:02:08]} Nd2 {[%emt 0:02:06]} 51. g6 {[%emt 0:00:00]} 1-0

[Event "XII Sabadell Open 2019"]
[Site "Sabadell"]
[Date "2019.09.06"]
[Round "5.15"]
[White "Menendez Cabrera, Enric"]
[Black "Ribera Caro, Joan"]
[Result "1-0"]
[WhiteElo "1558"]
[BlackElo "1342"]
[Annotator "NA"]
[PlyCount "55"]
[EventDate "2019.09.01"]
[EventCountry "ESP"]
[SourceTitle "playchess.com"]
[Source "ChessBase"]
[SourceQuality "1"]
[TimeControl "5400+30"]

1. d4 {[%emt 0:00:35]} Nf6 {[%emt 0:00:19]} 2. c4 {[%emt 0:00:09]} e6 {[%emt 0:00:09]} 3. Nc3 {[%emt 0:00:18]} Bb4 {[%emt 0:00:25]} 4. Qb3 {[%emt 0:00:21]} c5 {[%emt 0:00:25]} 5. Bg5 {[%emt 0:04:40]} Nc6 {[%emt 0:00:35]} 6. dxc5 {[%emt 0:07:21]} Qa5 {[%emt 0:05:07]} 7. Bxf6 {[%emt 0:04:32]} gxf6 {[%emt 0:00:09]} 8. e3 {[%emt 0:00:59]} Qxc5 {[%emt 0:02:20]} 9. a3 {[%emt 0:00:32]} Na5 {[%emt 0:07:57]} 10. Qxb4 {[%emt 0:05:27]} Qc7 {[%emt 0:04:01]} 11. Nb5 {[%emt 0:00:42]} Qb6 {[%emt 0:07:43]} 12. Nd6+ {[%emt 0:00:19]} Kf8 {[%emt 0:00:20]} 13. Qxb6 {[%emt 0:02:31]} axb6 {[%emt 0:00:02]} 14. b4 {[%emt 0:00:59]} Nc6 {[%emt 0:01:19]} 15. b5 {[%emt 0:00:32]} Ne5 {[%emt 0:01:06]} 16. Be2 {[%emt 0:00:25]} Rg8 {[%emt 0:02:37]} 17. Nf3 {[%emt 0:01:15]} Rxg2 {[%emt 0:04:33]} 18. Nxe5 {[%emt 0:00:12]} fxe5 {[%emt 0:01:28]} 19. Bf3 {[%emt 0:00:36]} Rg8 {[%emt 0:00:12]} 20. Ke2 {[%emt 0:00:21]} Ke7 {[%emt 0:01:42]} 21. Rhd1 {[%emt 0:01:36]} Ra4 {[%emt 0:04:17]} 22. h4 {[%emt 0:04:47]} f5 {[%emt 0:02:44]} 23. e4 {[%emt 0:02:33]} fxe4 {[%emt 0:02:11]} 24. Bxe4 {[%emt 0:00:37]} Rg4 {[%emt 0:00:30]} 25. Nxc8+ {[%emt 0:00:14]} Kd8 {[%emt 0:01:03]} 26. Nd6 {[%emt 0:01:17]} Rxc4 {[%emt 0:01:33]} 27. Nxc4 {[%emt 0:00:49]} Rxe4+ {[%emt 0:00:05]} 28. Ne3 {[%emt 0:00:20]} 1-0

[Event "XII Sabadell Open 2019"]
[Site "Sabadell"]
[Date "2019.09.07"]
[Round "6.1"]
[White "Diaz Camallonga, Carles"]
[Black "Arenas, David"]
[Result "1-0"]
[WhiteElo "2440"]
[BlackElo "2454"]
[Annotator "TA"]
[PlyCount "59"]
[EventDate "2019.09.01"]
[EventCountry "ESP"]
[SourceTitle "playchess.com"]
[Source "ChessBase"]
[SourceQuality "1"]

{[%evp 12,59,29,10,13,0,0,0,0,3,2,8,14,15,39,44,42,37,172,172,214,195,215,206,247,248,450,426,433,415,613,589,573,496,538,516,537,526,557,564,553,560,534,235,228,214,210,184,790,493]} 1. e4 e5 2. Nf3 Nc6 3. Bb5 a6 4. Ba4 Nf6 5. d3 d6 6. c3 g6 7. Bg5 Bg7 {C77: Ruy Lopez: 3...a6 4 Ba4 Nf6, unusual lines} 8. Nbd2 {[%cal Bb1d2,Bd2f1,Bf1e3,Be3g4][%mdl 32]} h6 9. Bh4 O-O {The position is equal.} 10. Nf1 (10. O-O Bd7 11. Re1 Re8 12. Nf1 Ne7 13. Bb3 g5 14. Bg3 Ng6 15. Ne3 c6 16. Qc2 Nh5 17. Rad1 Qf6 18. d4 Rad8 19. dxe5 dxe5 {½-½ (29) Morozevich,A (2656)-Bocharov,I (2565) Kazan 2018}) 10... b5 11. Bb3 Bb7 12. Ne3 Nb8 13. Bxf6 Qxf6 14. h4 $1 h5 $146 ({Better is} 14... a5 $14) ({Predecessor:} 14... Nc6 15. h5 g5 16. Nh2 Qd8 17. Bd5 {1-0 (42) Mortensen,E (2450)-Jakobsen,P (2244) Denmark 2008}) 15. g4 $1 $18 hxg4 16. Nxg4 Qf4 17. Ne3 $1 {Black must now prevent h5.} Nd7 18. h5 {Hoping for hxg6.} g5 $2 (18... Nc5 19. Rh4 Nxd3+ 20. Qxd3 Qxf3) 19. h6 Bf6 20. Rg1 Be7 (20... Nc5 $142 21. Rg4 Nxd3+ 22. Ke2 (22. Kd2 Nxf2 {[%mdl 64] Double Attack} 23. Rxf4 exf4 $14) 22... Bxe4 23. Rxf4 Nxf4+ 24. Kd2 Kh8) 21. Rg4 Qf6 22. Rxg5+ Kh8 23. Rf5 Qg6 24. Ke2 Nc5 25. Qh1 Nxb3 26. axb3 Rg8 27. h7 (27. Rg1 $142 Qe6 {[#]} 28. Rg7 $1 {[%mdl 512]} Rxg7 29. hxg7+ Kxg7 30. Ng5 $1 {[%mdl 512]}) 27... Rg7 28. Rg1 Rxh7 29. Rxg6 {Threatening mate with Rh5.} fxg6 $2 {[#]} (29... Rxh1 30. Rxf7 Rh7 31. Rxh7+ Kxh7) 30. Qxh7+ $3 {[%mdl 576] Remove Defender. Accuracy: White = 80%, Black = 35%.} 1-0

[Event "XII Sabadell Open 2019"]
[Site "Sabadell"]
[Date "2019.09.07"]
[Round "6.2"]
[White "Valderrama Quiceno, Esteban Alb"]
[Black "Harikrishnan.A.Ra"]
[Result "1/2-1/2"]
[WhiteElo "2407"]
[BlackElo "2422"]
[Annotator "TA"]
[PlyCount "30"]
[EventDate "2019.09.01"]
[EventCountry "ESP"]
[SourceTitle "playchess.com"]
[Source "ChessBase"]
[SourceQuality "1"]

{[%evp 13,19,45,40,42,37,39,50,54]} 1. Nf3 Nf6 2. g3 d5 3. Bg2 c6 4. O-O Bf5 5. d3 h6 6. c4 e6 7. cxd5 exd5 {White is slightly better.} 8. Qb3 {A11: English Opening: 1...c6} Qb6 9. Qc2 Nbd7 10. Nc3 {Predecessor:} Be7 $146 11. e4 dxe4 12. dxe4 Bh7 13. Qe2 Nc5 14. Be3 Qa6 15. Qxa6 Nxa6 {1-0 (31) Matlakov,M (2692)-Sidhant,M (2348) Sharjah 2019} 1/2-1/2

[Event "XII Sabadell Open 2019"]
[Site "Sabadell"]
[Date "2019.09.07"]
[Round "6.3"]
[White "Oliva Castaneda, Kevel"]
[Black "Lorenzo De La Riva, Lazaro"]
[Result "1-0"]
[WhiteElo "2470"]
[BlackElo "2392"]
[Annotator "ChessBase"]
[PlyCount "135"]
[EventDate "2019.09.01"]
[EventCountry "ESP"]
[SourceTitle "playchess.com"]
[Source "ChessBase"]
[SourceQuality "1"]
[TimeControl "5400+30"]

1. Nf3 {[%emt 0:00:00]} Nf6 {[%emt 0:02:31]} 2. c4 {[%emt 0:00:04]} g6 {[%emt 0:00:29]} 3. Nc3 {[%emt 0:00:10]} Bg7 {[%emt 0:00:29]} 4. e4 {[%emt 0:00:12]} d6 {[%emt 0:00:08]} 5. d4 {[%emt 0:00:04]} O-O {[%emt 0:00:09]} 6. h3 {[%emt 0:00:03]} Na6 {[%emt 0:01:57]} 7. Be3 {[%emt 0:03:43]} c6 {[%emt 0:00:41]} 8. Nd2 {[%emt 0:15:25]} Nc7 {[%emt 0:10:17]} 9. Bd3 {[%emt 0:02:55]} a6 10. a4 {[%emt 0:06:44]} e5 {[%emt 0:10:47]} 11. d5 {[%emt 0:00:00]} c5 {[%emt 0:01:14]} 12. a5 {[%emt 0:06:21]} Nh5 {[%emt 0:06:39]} 13. g3 {[%emt 0:00:00]} Rb8 {[%emt 0:01:35]} 14. Na4 {[%emt 0:00:00]} Bd7 {[%emt 0:03:47]} 15. Nb6 {[%emt 0:00:00]} Be8 {[%emt 0:01:26]} 16. Be2 {[%emt 0:02:03]} Na8 {[%emt 0:10:25]} 17. Na4 {[%emt 0:07:03]} Nf6 {[%emt 0:07:19]} 18. g4 {[%emt 0:00:00]} Nd7 {[%emt 0:06:03]} 19. Nc3 {[%emt 0:00:00]} Nc7 {[%emt 0:00:47]} 20. h4 {[%emt 0:00:00]} b5 {[%emt 0:02:11]} 21. axb6 {[%emt 0:00:00]} Rxb6 {[%emt 0:00:19]} 22. Qc2 {[%emt 0:00:00]} Bf6 {[%emt 0:03:01]} 23. Nf3 {[%emt 0:00:00]} Qb8 {[%emt 0:01:24]} 24. Rb1 {[%emt 0:00:00]} Rb4 {[%emt 0:02:03]} 25. h5 {[%emt 0:00:33]} Bg7 {[%emt 0:09:26]} 26. g5 {[%emt 0:03:47]} a5 {[%emt 0:02:45]} 27. Bd2 {[%emt 0:02:55]} Rb7 {[%emt 0:01:55]} 28. Nd1 {[%emt 0:01:14]} Na6 {[%emt 0:06:18]} 29. Nc3 {[%emt 0:06:15]} Nb4 {[%emt 0:00:00]} 30. Qd1 {[%emt 0:00:17]} Nb6 {[%emt 0:00:00]} 31. Kf1 {[%emt 0:00:15]} Bd7 {[%emt 0:00:00]} 32. Kg2 {[%emt 0:00:46]} Qe8 {[%emt 0:00:00]} 33. Be3 {[%emt 0:03:53]} f5 {[%emt 0:00:28]} 34. h6 {[%emt 0:03:53]} Bh8 {[%emt 0:00:03]} 35. Ra1 {[%emt 0:00:15]} a4 {[%emt 0:00:40]} 36. Bd2 {[%emt 0:01:05]} Qe7 {[%emt 0:00:47]} 37. Rh4 {[%emt 0:03:07]} Rbb8 {[%emt 0:03:41]} 38. Rc1 {[%emt 0:07:11]} Rf7 {[%emt 0:00:00]} 39. Be3 {[%emt 0:01:35]} Rbf8 {[%emt 0:00:15]} 40. Kh2 {[%emt 0:01:59]} fxe4 {[%emt 0:00:44]} 41. Nxe4 {[%emt 0:00:13]} Rf4 {[%emt 0:00:12]} 42. Bxf4 {[%emt 0:03:50]} exf4 {[%emt 0:00:02]} 43. Nc3 {[%emt 0:00:02]} Rf5 {[%emt 0:01:55]} 44. Rg4 {[%emt 0:03:58]} Rf8 {[%emt 0:00:20]} 45. Rg1 {[%emt 0:00:20]} Qf7 {[%emt 0:00:13]} 46. Bd3 {[%emt 0:06:24]} Bc8 {[%emt 0:01:36]} 47. Bf1 {[%emt 0:04:43]} Qd7 {[%emt 0:00:09]} 48. b3 {[%emt 0:01:30]} a3 {[%emt 0:00:52]} 49. Qd2 {[%emt 0:00:29]} Qd8 {[%emt 0:03:55]} 50. Ra1 {[%emt 0:02:27]} a2 {[%emt 0:00:02]} 51. Re1 {[%emt 0:00:12]} Nd7 {[%emt 0:00:24]} 52. Nxa2 {[%emt 0:00:14]} Nxa2 {[%emt 0:00:00]} 53. Qxa2 {[%emt 0:00:04]} Ne5 {[%emt 0:01:44]} 54. Bg2 {[%emt 0:01:10]} Qd7 {[%emt 0:00:00]} 55. Nxe5 {[%emt 0:03:29]} Bxe5 {[%emt 0:00:00]} 56. f3 {[%emt 0:00:27]} Bd4 {[%emt 0:01:21]} 57. Qe2 {[%emt 0:03:30]} Be3 {[%emt 0:00:54]} 58. Qd3 {[%emt 0:01:07]} Qe7 {[%emt 0:00:01]} 59. Bh3 {[%emt 0:00:31]} Bxg1+ {[%emt 0:00:42]} 60. Rxg1 {[%emt 0:00:02]} Bxh3 {[%emt 0:00:07]} 61. Kxh3 {[%emt 0:00:01]} Ra8 {[%emt 0:00:31]} 62. Qc3 {[%emt 0:00:37]} Ra2 {[%emt 0:00:26]} 63. Re1 {[%emt 0:00:13]} Qd7+ {[%emt 0:00:57]} 64. Re6 {[%emt 0:00:02]} Ra8 {[%emt 0:00:49]} 65. Kh4 {[%emt 0:00:40]} Rf8 {[%emt 0:00:22]} 66. Rxd6 {[%emt 0:00:19]} Qa7 {[%emt 0:00:16]} 67. Re6 {[%emt 0:00:27]} Qd7 {[%emt 0:00:13]} 68. Qe5 {[%emt 0:00:17]} 1-0

[Event "XII Sabadell Open 2019"]
[Site "Sabadell"]
[Date "2019.09.07"]
[Round "6.4"]
[White "Umetsubo, Cesar Hidemitsu"]
[Black "Ortega Serra, Marc"]
[Result "1/2-1/2"]
[WhiteElo "2403"]
[BlackElo "2297"]
[Annotator "ChessBase"]
[PlyCount "65"]
[EventDate "2019.09.01"]
[EventCountry "ESP"]
[SourceTitle "playchess.com"]
[Source "ChessBase"]
[SourceQuality "1"]
[TimeControl "5400+30"]

1. e4 {[%emt 0:01:45]} e6 {[%emt 0:05:12]} 2. d4 {[%emt 0:00:10]} d5 {[%emt 0:00:10]} 3. Nd2 {[%emt 0:00:03]} Nf6 {[%emt 0:00:11]} 4. e5 {[%emt 0:00:06]} Nfd7 {[%emt 0:00:06]} 5. Bd3 {[%emt 0:00:11]} c5 {[%emt 0:00:07]} 6. c3 {[%emt 0:00:08]} Nc6 {[%emt 0:00:13]} 7. Ne2 {[%emt 0:00:06]} cxd4 {[%emt 0:00:03]} 8. cxd4 {[%emt 0:00:04]} f6 {[%emt 0:00:06]} 9. exf6 {[%emt 0:00:11]} Nxf6 {[%emt 0:00:05]} 10. Nf3 {[%emt 0:00:38]} Bd6 {[%emt 0:00:09]} 11. O-O {[%emt 0:00:12]} O-O {[%emt 0:00:04]} 12. Bf4 {[%emt 0:00:09]} Bxf4 {[%emt 0:00:46]} 13. Nxf4 {[%emt 0:00:03]} Ne4 {[%emt 0:00:07]} 14. Qc1 {[%emt 0:00:56]} Ng5 {[%emt 0:00:19]} 15. Nxg5 {[%emt 0:00:11]} Qxg5 {[%emt 0:00:04]} 16. Bxh7+ {[%emt 0:05:10]} Kxh7 {[%emt 0:00:21]} 17. Nxe6 {[%emt 0:00:02]} Qxc1 {[%emt 0:00:08]} 18. Nxf8+ {[%emt 0:00:05]} Kg8 {[%emt 0:00:04]} 19. Raxc1 {[%emt 0:00:12]} Kxf8 {[%emt 0:00:08]} 20. Rfd1 {[%emt 0:05:26]} Be6 {[%emt 0:03:22]} 21. f3 {[%emt 0:01:58]} Ke7 {[%emt 0:01:58]} 22. g3 {[%emt 0:08:02]} Rf8 {[%emt 0:01:49]} 23. Kg2 {[%emt 0:01:02]} g5 {[%emt 0:04:13]} 24. Rd2 {[%emt 0:01:39]} Kd6 {[%emt 0:00:36]} 25. Rh1 {[%emt 0:01:12]} g4 {[%emt 0:04:37]} 26. Rf1 {[%emt 0:01:25]} Rg8 {[%emt 0:05:46]} 27. fxg4 {[%emt 0:14:00]} Rxg4 {[%emt 0:00:07]} 28. Rf4 {[%emt 0:00:12]} Rxf4 {[%emt 0:01:00]} 29. gxf4 {[%emt 0:00:04]} Ne7 {[%emt 0:00:11]} 30. Kf3 {[%emt 0:04:13]} Nf5 {[%emt 0:01:47]} 31. Ke2 {[%emt 0:00:14]} Bd7 {[%emt 0:00:20]} 32. Kd3 {[%emt 0:01:34]} Nh4 {[%emt 0:04:48]} 33. Kc3 {[%emt 0:21:46]} 1/2-1/2

[Event "XII Sabadell Open 2019"]
[Site "Sabadell"]
[Date "2019.09.07"]
[Round "6.6"]
[White "Cruz, Filemon"]
[Black "Stella, Andrea"]
[Result "1/2-1/2"]
[WhiteElo "2320"]
[BlackElo "2487"]
[Annotator "TA"]
[PlyCount "80"]
[EventDate "2019.09.01"]
[EventCountry "ESP"]
[SourceTitle "playchess.com"]
[Source "ChessBase"]
[SourceQuality "1"]

{[%evp 16,80,2,-1,0,0,-1,-2,0,0,0,0,13,0,0,-19,0,0,0,0,12,10,12,-14,0,0,0,-7,0,0,0,-23,-23,-25,-25,-27,-21,-27,-20,-12,-6,-20,-17,-25,-18,-25,-18,-41,-9,-18,0,-27,0,0,23,23,17,16,123,0,0,0,105,0,0,0,733]} 1. c4 c5 2. g3 g6 3. Bg2 Bg7 4. Nc3 Nc6 5. d3 d6 6. e4 e6 7. Nge2 Nge7 8. O-O O-O 9. f4 Rb8 {A36: Symmetrical English vs ...g6: 4 Bg2 Bg7} 10. Rb1 (10. g4 Nd4 11. Ng3 b5 12. Rb1 Nec6 13. Be3 Qa5 14. f5 Be5 15. Bh6 Qd8 16. g5 exf5 17. exf5 {0-1 (33) Acosta,P (2346)-Pichot,A (2543) Villa Martelli 2016}) 10... b6 11. b3 $146 ({Predecessor:} 11. Be3 Nd4 12. Bxd4 cxd4 13. Nb5 e5 14. Nxa7 Bd7 15. Nb5 Bxb5 16. cxb5 Qd7 17. Qb3 Rbc8 18. a4 Rc5 19. Rbc1 Rxc1 20. Rxc1 {1-0 (33) Woelfer,W (1760)-Beltz,C (1690) Willingen 2003}) 11... Nd4 12. Bb2 Bb7 13. Qd2 f5 14. Rbe1 Qd7 15. Kh1 Nec6 16. Nxd4 Nxd4 17. Ne2 e5 18. Nxd4 exd4 19. Re2 Rbe8 20. Rfe1 fxe4 21. Bxe4 d5 (21... g5 {seems wilder.} 22. Kg1 Rxe4 23. Rxe4 Bxe4 24. Rxe4 Bh6) 22. cxd5 Bxd5 23. Kg1 Be6 24. Bf3 a5 25. Qc2 Bf7 26. Bc1 Rxe2 27. Rxe2 Re8 28. Be4 Be6 29. Kf2 Bf8 30. Bf3 Bf7 31. Be4 Bd6 32. Qd1 Bf8 33. Qh1 Rc8 34. Qf3 Be6 {White should prevent ...Bg4.} 35. Bb7 {aiming for Rxe6.} Rd8 $1 {Black wants to play ...Bg4.} 36. Bc6 Qc8 (36... Qf7 $1 $11 {keeps the balance.}) 37. Bb7 Qd7 38. Bc6 Qc8 {[#]} 39. Bb7 (39. f5 $1 $16 {[%cal Rf5e6][%mdl 512]} Bxf5 40. Bg5) 39... Qd7 $11 {With the idea ...Bg4.} 40. Bc6 Qc7 $2 {[%mdl 40960] Accuracy: White = 43%, Black = 47%. . An unexpected result.} (40... Qc8 $11) 1/2-1/2